Освободительная миссия советских вооруженных сил на Балканах

Bibliographic Details
Other Authors: Хорьков А. Г. (редактор)
Language:Russian
Published: Москва, Наука, 1989
Subjects:
Format: MixedMaterials Book
KOHA link:https://koha.lib.tpu.ru/cgi-bin/koha/opac-detail.pl?biblionumber=17061

MARC

LEADER 00000nam0a2200000 4500
001 17061
005 20231030190721.0
010 |a 5020084743 
035 |a (RuTPU)RU\TPU\book\17192 
035 |a BOOK00001880 
090 |a 17061 
100 |a 20011209d1989 km y0rusy50 ca 
101 0 |a rus 
102 |a RU 
105 |a y z 000zy 
200 1 |a Освободительная миссия советских вооруженных сил на Балканах  |f Под ред. А. Г. Хорькова 
210 |a Москва  |c Наука  |d 1989 
215 |a 262 с. 
610 1 |a история 
610 1 |a Россия 
610 1 |a СССР 
610 1 |a Балканские страны 
610 1 |a Вторая мировая война 1939-1945 
610 1 |a 20 век 
610 1 |a Великая Отечественная война 1941-1945 
610 1 |a Советская Армия 
686 |a Т3(2)622  |v LBC/SL-A  |2 rubbk 
702 1 |a Хорьков  |b А. Г.  |4 340 
801 0 |a RU  |b 63413507  |c 20011209  |g PSBO 
801 2 |a RU  |b 63413507  |c 20110414  |g PSBO 
942 |c BK